[Event "Titled Tuesday intern op 26th Oct"]
[Site "Chess.com INT"]
[Date "2021.10.26"]
[Round "2"]
[White "Omariev, Maksim"]
[Black "Qi, Henry"]
[Result "1-0"]
[WhiteElo "2304"]
[BlackElo "2079"]
[PlyCount "47"]
[EventDate "2021.10.26"]
[EventType "swiss (blitz)"]
[EventRounds "11"]
[EventCountry "USA"]
[SourceTitle "CBM 204 Extra"]
[Source "ChessBase"]
[SourceDate "2021.11.30"]
[SourceVersion "1"]
[SourceVersionDate "2021.11.30"]
[SourceQuality "1"]

1. g4 d6 2. Bg2 Nc6 3. h3 e5 4. c3 h5 5. gxh5 Nf6 6. h6 Rxh6 7. d4 Rh8 8. Bxc6+ bxc6 9. dxe5 dxe5 10. Qxd8+ Kxd8 11. Nf3 Bd6 12. Rg1 g6 13. Bg5 Ke7 14. Nbd2 Bf5 15. h4 Ke6 16. 0-0-0 Rab8 17. Be3 a6 18. Nc4 Nd5 19. Bd2 c5 20. Ng5+ Ke7 21. e4 Bxe4 22. Nxe4 Rxh4 23. Bg5+ Ke6 24. Bxh4 1-0

[Event "Titled Tuesday intern op 26th Oct"]
[Site "Chess.com INT"]
[Date "2021.10.26"]
[Round "1"]
[White "Qi, Henry"]
[Black "Kislov, Oleg"]
[Result "0-1"]
[WhiteElo "2079"]
[BlackElo "2249"]
[PlyCount "142"]
[EventDate "2021.10.26"]
[EventType "swiss (blitz)"]
[EventRounds "11"]
[EventCountry "USA"]
[SourceTitle "CBM 204 Extra"]
[Source "ChessBase"]
[SourceDate "2021.11.30"]
[SourceVersion "1"]
[SourceVersionDate "2021.11.30"]
[SourceQuality "1"]

1. d4 Nf6 2. c4 e6 3. Nc3 Bb4 4. a3 Bxc3+ 5. bxc3 d5 6. cxd5 exd5 7. f3 0-0 8. e3 Bf5 9. Ne2 c5 10. Ng3 Bg6 11. Bd3 Nc6 12. 0-0 Re8 13. Ra2 Qa5 14. Bxg6 hxg6 15. Qd3 Rac8 16. Re2 cxd4 17. cxd4 Qa4 18. Bb2 Na5 19. e4 Nc4 20. Bc1 dxe4 21. fxe4 Rcd8 22. Qc3 Nd6 23. e5 Nb5 24. Qb4 Qxb4 25. axb4 Nxd4 26. Rd2 Rxe5 27. Bb2 Red5 28. Rfd1 Nc6 29. Ne4 Rxd2 30. Nxd2 Ne4 31. Bc1 Nxb4 32. Kf1 Nxd2+ 33. Bxd2 a5 34. Ke2 Re8+ 35. Kf2 Nc6 36. Rb1 Re7 37. Ra1 Rd7 38. Ke2 b6 39. Rb1 Rb7 40. Kd3 f6 41. Rb5 Ne5+ 42. Ke2 Ra7 43. Rxb6 a4 44. Rb2 a3 45. Ra2 Kf7 46. Bb4 Nc6 47. Rxa3 Rxa3 48. Bxa3 Ke6 49. Bb2 Kd5 50. Ke3 g5 51. Bc3 Ne5 52. Bd2 Nc4+ 53. Kd3 Nxd2 54. Kxd2 Ke4 55. Ke2 Kf4 56. Kf2 Ke4 57. Kg3 f5 58. Kh3 Ke3 59. Kg3 Ke4 60. Kf2 g6 61. Kg3 g4 62. Kf2 Kf4 63. Ke2 g3 64. h3 Ke4 65. Kd2 f4 66. Ke2 g5 67. Kd2 f3 68. gxf3+ Kxf3 69. Ke1 g2 70. h4 gxh4 71. Kd2 g1Q 0-1

[Event "Titled Tuesday intern op 31st Aug"]
[Site "Chess.com INT"]
[Date "2021.08.31"]
[Round "4"]
[White "Firat, Burak"]
[Black "Qi, Henry"]
[Result "1-0"]
[WhiteElo "2466"]
[BlackElo "2079"]
[PlyCount "53"]
[EventDate "2021.08.31"]
[EventType "swiss (blitz)"]
[EventRounds "11"]
[EventCountry "USA"]
[SourceTitle "EXT 2022"]
[Source "ChessBase"]
[SourceDate "2021.10.06"]
[SourceVersion "1"]
[SourceVersionDate "2021.10.06"]
[SourceQuality "1"]

1. e4 d6 2. d4 Nf6 3. Nc3 g6 4. Bg5 Bg7 5. Qd2 h6 6. Bh4 g5 7. Bg3 Nh5 8. Nge2 Nc6 9. 0-0-0 Nxg3 10. hxg3 Bd7 11. f3 Na5 12. g4 Nc4 13. Qd3 b5 14. Ng3 e6 15. Nh5 Bf8 16. e5 Bc6 17. Nf6+ Ke7 18. Nxb5 Bxb5 19. Qb3 Nxb2 20. Qxb2 Bxf1 21. Rhxf1 Bg7 22. f4 Qb8 23. Qa3 Qb6 24. Nh5 Rhg8 25. f5 Bf8 26. Rf3 Rb8 27. Rb3 1-0

[Event "Titled Tuesday intern op 6th June"]
[Site "Chess.com INT"]
[Date "2020.06.02"]
[Round "2"]
[White "Barrientos Chavarriaga, Sergio E"]
[Black "Qi, Henry"]
[Result "0-1"]
[WhiteElo "2457"]
[BlackElo "2079"]
[PlyCount "88"]
[EventDate "2020.06.02"]
[EventType "swiss (blitz)"]
[EventRounds "10"]
[EventCountry "USA"]
[SourceTitle "CBM 196 Extra"]
[Source "ChessBase"]
[SourceDate "2020.07.31"]
[SourceVersion "1"]
[SourceVersionDate "2020.07.31"]
[SourceQuality "1"]

1. d4 g6 2. e4 d6 3. c4 Bg7 4. Nc3 Nc6 5. Nge2 Nf6 6. f3 0-0 7. Be3 e5 8. d5 Ne7 9. Qd2 c6 10. h4 cxd5 11. cxd5 Bd7 12. h5 a6 13. g4 b5 14. Ng3 Nc8 15. Bh6 Ra7 16. Bd3 Nb6 17. Nd1 Bc8 18. Bxg7 Kxg7 19. Qh6+ Kxh6 20. Ne3 Kg7 21. g5 Nxh5 22. Rxh5 gxh5 23. Nxh5+ Kh8 24. Nf6 Rg8 25. Nxg8 Qxg8 26. Rc1 Qxg5 27. Ke2 Ra8 28. Rc6 Rb8 29. Rxd6 Qh4 30. b3 Qh2+ 31. Ke1 Qg1+ 32. Ke2 Qh2+ 33. Ke1 Kg7 34. Rd8 Rb7 35. a4 Rc7 36. a5 Rc1+ 37. Nd1 Qg1+ 38. Bf1 Bh3 39. Kd2 Ra1 40. Be2 Qd4+ 41. Ke1 Qg1+ 42. Kd2 Ra2+ 43. Kc3 Qc5+ 44. Kd3 Qd4# 0-1

[Event "Edward Lasker Memorial 99th"]
[Site "New York"]
[Date "2015.12.13"]
[Round "5"]
[White "Qi, Henry"]
[Black "Prilleltensky, Matan"]
[Result "1/2-1/2"]
[WhiteElo "2084"]
[BlackElo "2232"]
[PlyCount "73"]
[EventDate "2015.12.11"]
[EventType "swiss"]
[EventRounds "9"]
[EventCountry "USA"]
[SourceTitle "CBM 170 Extra"]
[Source "ChessBase"]
[SourceDate "2016.02.25"]
[SourceVersion "1"]
[SourceVersionDate "2016.02.25"]
[SourceQuality "1"]

1. d4 d5 2. c4 c6 3. e3 Nf6 4. Nc3 Bf5 5. Nf3 e6 6. Nh4 Be4 7. f3 Bg6 8. Nxg6 hxg6 9. e4 dxe4 10. fxe4 e5 11. d5 Bc5 12. Qf3 Nbd7 13. Bd3 Qe7 14. Bd2 a5 15. 0-0-0 a4 16. h4 a3 17. b3 Bd4 18. Ne2 Bb2+ 19. Kb1 Rb8 20. Ng3 Nc5 21. Rde1 Bd4 22. Bb4 Qc7 23. Ne2 Qb6 24. Bxc5 Bxc5 25. g4 Nd7 26. Ref1 Rf8 27. h5 Kd8 28. h6 gxh6 29. Rxh6 Kc7 30. Rh7 Qb4 31. Rd1 Bd4 32. Nxd4 Qc3 33. Nb5+ cxb5 34. Rh2 Rbc8 35. Rc2 Qb4 36. cxb5+ Nc5 37. Bc4 1/2-1/2